Statistics for Countries and States Bordering Georgia

Click here to take the quiz!

General Stats

  • This quiz has been taken 79 times
    (55 since last reset)
  • The average score is 8 of 9

Answer Stats

Georgia% Correct
Azerbaijan
98%
Russia
98%
Armenia
96%
Turkey
96%
Florida
86%
Alabama
80%
South Carolina
80%
Tennessee
80%
North Carolina
78%

Score Distribution

Percentile by Number Answered

Percent of People with Each Score

Your Score History

You have not taken this quiz since the last reset